000 00480nam a2200145Ia 4500
008 100204s9999 xx 000 0 und d
082 _b10858
100 _aसाळगांवकर द. सा.
245 _aखाकी वर्दी
260 _b"चिंतामणी साहित्य सहयोग , कुडाळ"
_c1988
300 _a95
630 _aखाकी वर्दी
730 _aखाकी वर्दी
942 _cBOOK
999 _c455294
_d455291